000 00763nam a2200217 a 4500
008 120416s1978 ||||||||||||||||| || u
020 _a0080215904
050 _aQD 115 Sve
100 _aSvehla, G
245 1 0 _aAutomatic potentiometric titrations
250 _a1st ed.
260 _aOxford
_bPergamon Press
_c1978
300 _ax, 219p. : ill.
350 _a0.00
490 _aInternational series in analytical chemistry
490 _v v. 60
500 _aIncludes bibliographical references and indexes.
650 _aELECTROCHEMICAL ANALYSIS
650 0 _aCHEMISTRY--HANDBOOKS, MANUALS, ETC
995 _D0.00
_FCBU-MAIN LIBRARY (Kitwe)
_H1
_I6.95
_M1
_UAVAILABLE
_ZAnnex Low-Usage Collection
999 _c35342
_d35342